000 00155nam a22000857a 4500
082 _a823
100 _aMADAVOOR SASI
245 _aTHE FOOLISH LION
942 _cBK
999 _c8183
_d8183